Physiological effects of stimulation and exploitation intensities and tapping patterns on tree dryness (Record no. 64996)

MARC details
000 -LEADER
fixed length control field 00496nam a2200145Ia 4500
100 ## - MAIN ENTRY--AUTHOR NAME
Personal name Wenxian Xu
245 #0 - TITLE STATEMENT
Title Physiological effects of stimulation and exploitation intensities and tapping patterns on tree dryness
260 ## - PUBLICATION, DISTRIBUTION, ETC. (IMPRINT)
Name of publisher IRRDB TPD workshop, 26-28 July 1994 South China academy of Tropical crops Hainan,China
Year of publication 1994
700 ## - ADDED ENTRY--PERSONAL NAME
Personal name Shiqiao Luo
700 ## - ADDED ENTRY--PERSONAL NAME
Personal name Shizhong Liu
700 ## - ADDED ENTRY--PERSONAL NAME
Personal name Xianzhou Xiao
700 ## - ADDED ENTRY--PERSONAL NAME
Personal name Xiaodi Wei
942 ## - ADDED ENTRY ELEMENTS (KOHA)
Koha item type Journals
Holdings
Withdrawn status Lost status Damaged status Not for loan Home library Current library Shelving location Date acquired Koha item type
      Journals RRII Library RRII Library Physiology 17/12/2021 Journals